Statistics for Random Knowledge Quiz #13

Click here to take the quiz!

General Stats

  • This quiz has been taken 102 times
  • The average score is 9 of 15

Answer Stats

QuestionAnswer% Correct
Which bodypart's shape did you change if you had a rhinoplasty?Nose
95%
What was the first animal to be domesticated?Dog
83%
Which energy drink is said to give you wings?Red Bull
82%
What is Jack Sparrow's favorite drink?Rum
80%
Where do the heroically slain go according to Norse mytology?Valhalla
77%
How many kilometers do you run in an hour if your pace is 6 minutes per kilometer?10
76%
Which two movies of the opposite genre premiered on July 21st, 2023, creating an internet phenomenon?Barbie and Oppenheimer
69%
Finish these lyrics: Math, science, history / unraveling the mysteries / That all started with...The Big Bang
53%
When is the next year of the dog?2030
49%
Who successfully ditched a plane in the Hudson River in 2009 after a double engine failure?Chesley Sullenberger
46%
What are Edward, Viago, Lestat, Damon, Spike, and Laszlo?Vampires
42%
What is autonomous sensory meridian response more commonly known as?ASMR
39%
How long was Nelson Mandela in prison?27 years
35%
What specialized agency of the United Nations promotes world peace and security through international cooperation in education, arts, sciences, and culture?UNESCO
35%
Where was Scrooge McDuck born?Scotland
19%

Score Distribution

Percentile by Number Answered

Percent of People with Each Score

Your Score History

You have not taken this quiz